Score 0/25 Timer 03:00
1 Play Today
Podcast Missing Word % Correct
_____ Favorite MurderMy
92%
Wait Wait ... _____ Tell MeDon't
91.4%
Comedy Bang! _____!Bang
90.8%
Left, _____ & CenterRight
89.7%
Stuff You Should _____Know
89.5%
Buffering the _____ SlayerVampire
88.3%
_____ Made It WeirdYou
87.9%
How Did This _____ Made?Get
85.6%
And That's _____ We DrinkWhy
82.3%
The Skeptics' Guide to the _____Universe
79.2%
Stuff You Missed in _____ ClassHistory
78%
Ground _____ MediaZero
77.8%
Good _____, Brain!Job
77.8%
Podcast Missing Word % Correct
_____ Crime GarageTrue
64.2%
Conan O'Brien _____ a FriendNeeds
57.3%
Two Girls _____ GhostOne
55.9%
2 Dope _____Queens
55.7%
This _____ LifeAmerican
55.7%
Pod _____ the WorldSave
52.9%
Doug _____ MoviesLoves
46.9%
_____ Football TodayFantasy
37.1%
Pop _____ Happy HourCulture
36.6%
Last _____ on the LeftPodcast
30.6%
99% _____Invisible
19.6%
_____ Is AliveEverything
19.5%

Today's Daily Dose

Word Ladder
Athletics

Remove Ads.
Support Sporcle.
Get the best of Sporcle when you Go Orange. This ad-free experience offers more features, more stats, and more fun while also helping to support Sporcle. Thank you for becoming a member.

You're not logged in!

Compare scores with friends on all Sporcle quizzes.
OR
Log In

Show Comments

Extras

Top Quizzes Today


Score Distribution

Your Account Isn't Verified!

In order to create a playlist on Sporcle, you need to verify the email address you used during registration. Go to your Sporcle Settings to finish the process.

Report this User

Report this user for behavior that violates our Community Guidelines.

Details: